Administración de los Sistemas de Información / Effy Oz (Registro nro. 24352)

Detalles MARC
000 -LÍDER
fixed length control field 00552nam a2200157 4500
020 ## - NÚMERO INTERNACIONAL NORMALIZADO PARA LIBROS
ISBN 978-970-686-776-6
050 ## - SIGNATURA TOPOGRAFICA DE LA BIBLIOTECA DEL CONGRESO (LC)
Número de Clasificación HD30.213 O9618 2008
082 ## - NUMERO DE CLASIFICACION DECIMAL DEWEY
Número de Clasificación 658.05 O99a 2008
100 ## - ASIENTO PRINCIPAL--NOMBRE PERSONAL
Nombre personal Oz, Effy
245 ## - TÍTULO
Título Administración de los Sistemas de Información / Effy Oz
250 ## - MENCIÓN DE EDICIÓN
Mención de edición 5a ed
260 ## - PUBLICACIÓN, DISTRIBUCIÓN, ETC. (PIE DE IMPRENTA)
Lugar de publicación, distribución, etc. México: Cengage Learning
300 ## - DESCRIPCIÓN FÍSICA
Extensión xxxi, 527p. / 27 cm.
650 ## - ASIENTO SECUNDARIO DE MATERIA - TERMINO TEMÁTICO
Término temático o nombre geográfico como elemento de entrada 1. TECNOLOGÍA DE LA INFORMACIÓN / 2. SISTEMAS DE INFORMACIÓN / 3. ADMINISTRACIÓN DE LOS RECURSOS DE ADMINISTRACIÓN
700 ## - ASIENTO SECUNDARIO - NOMBRE PERSONAL
Nombre personal I. Martínez Sarmiento, Miguel Ángel Tr.
Existencias
No. biblioteca No. biblioteca Número de clasificación Código de barras/Número de adquisición Número de copia Tipo de material
AREA DE ADMINISTRACIÓN AREA DE ADMINISTRACIÓN 658.05 O99a 2008 49975 3 Libros
AREA DE ADMINISTRACIÓN AREA DE ADMINISTRACIÓN 658.05 O99a 2008 50536 5 Libros
AREA DE ADMINISTRACIÓN AREA DE ADMINISTRACIÓN 658.05 O99a 2008 50109 4 Libros
LUIS G. INCLAN LUIS G. INCLAN 658.05 O99a 2008 49473 1 Libros
LUIS G. INCLAN LUIS G. INCLAN 658.05 O99a 2008 49891 2 Libros
Calzada Tecnológico # 27, Zacatepec, Morelos.
01(734) 343-07-23 / 343-21-10 / 343-21-11
Apdo. Postal 45 C.P 62780